| 000 | 00643nam a2200229 a 4500 | ||
|---|---|---|---|
| 001 | 10514 | ||
| 003 | CO-ViMGA | ||
| 008 | 141112s2004 ck r 000 u spa d | ||
| 020 | _a8474238269 | ||
| 040 |
_aCO-ViMGA _bspa _cCO-ViMGA |
||
| 082 | 0 | 4 | _a923.53973 A54l |
| 100 | 1 |
_aLancel ; Serge, Aubet Maria Jose, _914169 |
|
| 245 | 1 | 0 | _aAnibal |
| 260 |
_aBarcelona : _bGrijalbo Mondadori Critica, _c1997 |
||
| 300 | _a309p. : il. | ||
| 490 | _aLibros de historia | ||
| 590 | _aEjemplares : Ej. 2 | ||
| 650 | 1 | 4 |
_aAFRICA - HISTORIA _953193 |
| 650 | 1 | 4 |
_aCARTAGO AFRICA - HISTORIA _914170 |
| 650 | 1 | 4 |
_aHISTORIA ANTIGUA _914171 |
| 942 |
_2ddc _cBK |
||
| 999 |
_c21840 _d21840 |
||